El cachetero del buscapié / (Record no. 29676)

MARC details
000 -LEADER
campo de control de longitud fija 01355nam a2200301 i 4500
001 - NÚMERO DE CONTROL
campo de control 29676
003 - IDENTIFICADOR DE NÚMERO DE CONTROL
campo de control ES-MaACL
005 - FECHA Y HORA DE LA ÚLTIMA TRANSACCIÓN
campo de control 20251120142801.0
007 - CAMPO FIJO DE DESCRIPCIÓN FÍSICA--INFORMACIÓN GENERAL
campo de control de longitud fija t|
008 - DATOS DE LONGITUD FIJA--INFORMACIÓN GENERAL
campo de control de longitud fija 030122s1916 sp ||||1| spa d
080 ## - NÚMERO DE LA CLASIFICACIÓN DECIMAL UNIVERSAL
Número de la Clasificación Decimal Universal 821.134.2 Castro, Adolfo de 7 Buscapié.07
080 ## - NÚMERO DE LA CLASIFICACIÓN DECIMAL UNIVERSAL
Número de la Clasificación Decimal Universal 929 Cervantes Saavedra, Miguel de
100 1# - ENTRADA PRINCIPAL--NOMBRE DE PERSONA
Nombre de persona Barrera y Leirado, Cayetano Alberto de la.
9 (RLIN) 25934
245 13 - MENCIÓN DEL TÍTULO
Título El cachetero del buscapié /
Mención de responsabilidad, etc. Don Cayetano Alberto de la Barrera y Leirado ; prólogo del Excmo. Sr. D. Francisco Rodríguez Marín ; homenaje a Cervantes en el III centenario de su muerte.
260 ## - PUBLICACIÓN, DISTRIBUCIÓN, ETC.
Lugar de publicación, distribución, etc. Santander :
Nombre del editor, distribuidor, etc. Librería Moderna Viuda de Albira y Díez,
Fecha de publicación, distribución, etc. 1916 (
Fabricante Tall. Tip. J. Martínez)
300 ## - DESCRIPCIÓN FÍSICA
Extensión XI, 282 p. ;
Dimensiones 21 cm.
490 1# - MENCIÓN DE SERIE
Mención de serie Publicaciones de la "Biblioteca Menéndez y Pelayo"
530 ## - NOTA DISPONIBLE DE FORMULARIO FÍSICO ADICIONAL
Nota de formato físico adicional disponible Disponible en formato digital.
600 17 - PUNTO DE ACCESO ADICIONAL DE MATERIA--NOMBRE DE PERSONA
Nombre de persona Castro, Adolfo de,
Fechas asociadas al nombre 1823-1898.
Título de la obra El Buscapié
Fuente del encabezamiento o término
9 (RLIN) 169350
600 14 - PUNTO DE ACCESO ADICIONAL DE MATERIA--NOMBRE DE PERSONA
Nombre de persona Cervantes Saavedra, Miguel de,
Fechas asociadas al nombre 1547-1616
9 (RLIN) 226514
700 1# - ENTRADA AGREGADA--NOMBRE PERSONAL
Nombre de persona Rodríguez Marín, Francisco,
Fechas asociadas al nombre 1855-1943
9 (RLIN) 98634
830 1# - PUNTO DE ACCESO ADICIONAL DE SERIE-TÍTULO UNIFORME
Título uniforme Publicaciones de la Biblioteca de Menéndez Pelayo
9 (RLIN) 191126
852 ## - LOCALIZACIÓN
Ubicación ES-MaACL
Número de control de estantería F-1135
Ubicación en estantería Depósito 2
852 ## - LOCALIZACIÓN
Ubicación ES-MaACL
Número de control de estantería F-6579
Ubicación en estantería Depósito 2
856 ## - LOCALIZACIÓN Y ACCESO ELECTRÓNICOS
Identificador Uniforme de Recursos <a href="http://bdh-rd.bne.es/viewer.vm?id=0000102745&page=1 ">http://bdh-rd.bne.es/viewer.vm?id=0000102745&page=1 </a>
Nota no pública Biblioteca Digital Hispánica
942 ## - ELEMENTOS DE ENTRADA SECUNDARIOS (KOHA)
Fuente del sistema de clasificación o colocación Clasificación decimal universal
Holdings
Estatus retirado Estado de pérdida Fuente del sistema de clasificación o colocación Estado de daño No para préstamo Biblioteca de origen Biblioteca actual Ubicación en estantería Fecha de adquisición Total de préstamos Signatura topográfica completa Código de barras Visto por última vez Precio de reemplazo Tipo de ítem Koha
    Clasificación decimal universal     Biblioteca del Ateneo de Madrid Biblioteca del Ateneo de Madrid Depósito 2 17/01/2008   F-6579 1030640 23/02/2023 23/02/2023 Libro impreso
    Clasificación decimal universal     Biblioteca del Ateneo de Madrid Biblioteca del Ateneo de Madrid Depósito 2 17/01/2008   F-1135 1030639 23/02/2023 23/02/2023 Libro impreso